000 00314nam a22001337a 4500
020 _a81-8044-010-9
082 _a824
_bKIS/K
100 _aKISHORE,B. R
245 _aESSAYS FOR PRIMARY CLASSES
260 _aNEW DELHI
_bVEE KUMAR PUBLICATIONS PVT.LTD.
300 _a112
650 _aESSAYS
_zNEW DELHI
942 _cBK
999 _c3708
_d3708